| 000 | 01007nam a2200361 a 4500 | ||
|---|---|---|---|
| 003 | AR-BaBNM | ||
| 005 | 20251128210054.0 | ||
| 008 | 082120s2002 ||||||||||||||000 | spa|| | ||
| 020 | _a950-581-699-5 | ||
| 040 | _cAR-BaBNM | ||
| 100 | 1 | _aLópez, Susana | |
| 245 | 0 | 0 |
_aEscuela infantil _buna institución educativa de 0 a 5 años |
| 260 |
_aBuenos Aires _bColihue _c1997 |
||
| 300 | _a107 p. | ||
| 490 | 0 | _aNuevos caminos en educación inicial | |
| 504 | _aContiene bibliografía p. 105-107 | ||
| 650 | 4 | _aESCUELAS | |
| 650 | 4 | _aOBJETIVOS EDUCACIONALES | |
| 650 | 4 | _aAMBIENTE FISICO | |
| 650 | 4 | _aORGANIZACION ESCOLAR | |
| 650 | 4 | _aPARTICIPACION | |
| 650 | 4 | _aEVALUACION | |
| 653 | _aNIVEL INICIAL | ||
| 653 | _aEDUCACION INICIAL | ||
| 653 | _aLEGISLACION EDUCATIVA | ||
| 653 | _aMODELOS EDUCATIVOS | ||
| 653 | _aCONTENIDOS CURRICULARES | ||
| 653 | _aESPACIOS EDUCATIVOS | ||
| 700 | 1 | _aSokol, Ana | |
| 800 | 1 | _aSan Martín de Duprat, Hebe | |
| 942 | _cBK | ||
| 998 | _cRaquel | ||
| 999 |
_c13905 _d13905 |
||